000 00657nam a2200205 a 4500
003 PILC
005 20150112093426.0
008 100720s19uu xx 00 eng d
020 _a9780844234199
050 _aHF 5837
_b.In38 1993
082 _aAdSF 659.113
_bIn2 1993
100 _aInd, Nicholas
_9983
245 _aGreat advertising campaigns :
_bGoals and accomplishments /
_cNicholas Ind
260 _aLincolnwood, Illinois :
_bNTC Business Books, NTC Publishing Group,
_c1993.
300 _a223 pages :
_billustration ;
_c23 cm
500 _aIncludes index.
650 _aAdvertising
_9734
650 _aAdvertising campaigns
_9984
942 _2lcc
_cBK
999 _c14212
_d14212